| 000 | 00548nam a2200193Ia 4500 | ||
|---|---|---|---|
| 001 | 21160 | ||
| 003 | IN-NITTTR | ||
| 005 | 20251114233241.0 | ||
| 008 | 251113s9999||||xx |||||||||||||| ||eng|| | ||
| 040 | _beng | ||
| 040 | _cIN-NITTTR | ||
| 041 | _aeng | ||
| 082 | _a621.392 E32P | ||
| 100 | _aEngelsing, Jorg | ||
| 245 | 0 |
_aPC troubleshooting : _b a guide to the identification and correction of error messages. / _cEngelsing, Jorg, Menzel, Peter, Solbach, Frank |
|
| 700 | _a Menzel, Peter | ||
| 700 | _a Solbach, Frank | ||
| 942 |
_2ddc _cBK |
||
| 999 |
_c23790 _d23790 |
||